| 000 | 00824nam a2200265Ia 4500 | ||
|---|---|---|---|
| 001 | Para_3551 | ||
| 003 | CHAP | ||
| 008 | 220125s1938 xx 000 0 und d | ||
| 010 | _a202075 | ||
| 040 | _cCHAP | ||
| 090 | _aPA FOLLETO 1148 | ||
| 100 |
_aDetjen, L. R _932215 |
||
| 245 |
_aPhysiological dropping of fruits : _b plum curculio injury to young fruits in relation to physiological drop / _c L. R. Detjen, G. F. Gray |
||
| 260 |
_aNewark, Delaware : _b Agricultural Experiment Station |
||
| 300 | _a85 p. | ||
| 440 |
_aDelaware. Agri. Exp. Sta., Bull.; 112 _9167070 |
||
| 650 |
_aConotrachelus nenuphar _927254 |
||
| 901 | _aPA FOLLETO 1148 | ||
| 902 | _aA | ||
| 905 | _a0000001938 NEW 0000000000 00 | ||
| 910 | _a1938 | ||
| 942 | _cPARA | ||
| 942 |
_cPARA _d1 |
||
| 999 |
_c202075 _d202075 |
||